000 01016 am a2200301 a 4500
005 20231226124506.0
008 100624s1996||||mx a f |||| 001 0 spa d
020 _a9684267207
041 _aspa
092 _c612
_l28
_sGAN
100 1 _aGanong, William F.
_91167
245 _aFisiología médica /
_cWilliam F. Ganong.
250 _a15a ed. de la 17a ed. en inglés
_bTraducción C. Eduardo Cazacuberta Zaffaroni y Jorge Mérigo Jane
260 _aMéxico:
_bManual Moderno;
_c1996.
300 _a962 p.
_bil.
500 _aGanong, W. F. (1996). Fisiología médica. (15a ed.). México : Manual Moderno.
653 _aFisiología de las células nerviosas y musculares
653 _aFunciones del sistema nervioso
653 _aEndocrinología, metabolismo y función reproductora
653 _aFunción gastrointestinal
653 _aCirculación
653 _aRespiración
653 _aFormación y excreción de orina
930 _a241
930 _a242
930 _a243
942 _2ddc
_cBK
999 _c412
_d412